Adivina los países rotantes #1 - Estadísticas

Estadísticas generales
  • Esta prueba ha sido intentada 39 veces
  • La puntuación promedio es 7 de 16
Respuestas en el mapa
Las respuestas están codificadas por una escala verde-roja en el mapa de la prueba según el % correcto abajo.
 
Estadísticas de respuestas
Países % Correcto
Japón
100%
Nueva Zelanda
77%
Panamá
63%
Irlanda
50%
Zambia
43%
Guatemala
40%
Mauritania
40%
República Democrática del Congo
40%
Siria
40%
Guinea
37%
Armenia
30%
Líbano
30%
Kosovo
23%
Sierra Leona
23%
Cabo Verde
17%
República Dominicana
13%
No se encontraron pruebas coincidentes
Distribución de puntuación
Porcentaje de gente con cada puntuación
Porcentaje por número respondido
Historial de tus puntuaciones
No has intentado esta prueba.